[Event "EU Union-ch U14 20th"]
[Site "Mureck"]
[Date "2023.08.03"]
[Round "2"]
[White "Hagen, Carlijn"]
[Black "Sivashankar, Samyukta"]
[Result "1-0"]
[WhiteElo "1338"]
[BlackElo "1482"]
[PlyCount "67"]
[EventDate "2023.08.02"]
[EventType "swiss"]
[EventRounds "9"]
[EventCountry "AUT"]
[SourceTitle "EXT 2024"]
[Source "ChessBase"]
[SourceDate "2023.10.10"]
[SourceVersion "1"]
[SourceVersionDate "2023.10.10"]
[SourceQuality "1"]

1. d4 d5 2. Bf4 e6 3. e3 Nf6 4. Bd3 c5 5. c3 Be7 6. Nd2 0-0 7. Ngf3 Nc6 8. h4 c4 9. Bc2 b5 10. Ne5 Bb7 11. g4 Nd7 12. Nxd7 Qxd7 13. g5 f5 14. gxf6 Bxf6 15. Rg1 e5 16. dxe5 Nxe5 17. Bxe5 Bxe5 18. Qh5 h6 19. Qxe5 Rae8 20. Qh5 d4 21. cxd4 Qxd4 22. 0-0-0 Qf6 23. Qxb5 Ba6 24. Qd5+ Kh8 25. Rg6 Qe7 26. Rxa6 Rd8 27. Qe4 Qxe4 28. Nxe4 Rb8 29. Rxa7 Rb4 30. Rdd7 Rfb8 31. Rxg7 Rxb2 32. Rh7+ Kg8 33. Nf6+ Kf8 34. Rh8# 1-0

[Event "NED-ch U14 Girls"]
[Site "Almelo"]
[Date "2023.05.05"]
[Round "6"]
[White "Jorritsma, Eli Alia"]
[Black "Hagen, Carlijn"]
[Result "0-1"]
[WhiteElo "1330"]
[BlackElo "1132"]
[PlyCount "54"]
[EventDate "2023.04.30"]
[EventType "swiss"]
[EventRounds "7"]
[EventCountry "NED"]
[SourceTitle "CBM 214 Extra"]
[Source "ChessBase"]
[SourceDate "2023.07.31"]
[SourceVersion "1"]
[SourceVersionDate "2023.07.31"]
[SourceQuality "1"]

1. Nf3 d5 2. b3 Bf5 3. Bb2 e6 4. g3 Nf6 5. Bg2 Bc5 6. 0-0 Nbd7 7. c4 c6 8. d3 0-0 9. Nbd2 Re8 10. d4 Bb6 11. e3 Qb8 12. Qe2 Bc7 13. Rac1 h5 14. h4 Bg4 15. Qe1 e5 16. Ng5 Ba5 17. a3 e4 18. b4 Bc7 19. cxd5 cxd5 20. Nb3 Nb6 21. Nd2 Bd7 22. Bh3 Bb5 23. Qd1 Bxf1 24. Bxf1 Bxg3 25. fxg3 Qxg3+ 26. Kh1 Ng4 27. Qe2 Nf2+ 0-1

[Event "NED-ch U14 Girls"]
[Site "Almelo"]
[Date "2023.05.04"]
[Round "5"]
[White "Hagen, Carlijn"]
[Black "Fu, Janice"]
[Result "1/2-1/2"]
[WhiteElo "1132"]
[BlackElo "1408"]
[PlyCount "90"]
[EventDate "2023.04.30"]
[EventType "swiss"]
[EventRounds "7"]
[EventCountry "NED"]
[SourceTitle "CBM 214 Extra"]
[Source "ChessBase"]
[SourceDate "2023.07.31"]
[SourceVersion "1"]
[SourceVersionDate "2023.07.31"]
[SourceQuality "1"]

1. d4 d5 2. Bf4 Nf6 3. e3 e6 4. Nf3 Bd6 5. Bg3 c5 6. c3 Qc7 7. Bd3 Nbd7 8. Nbd2 b6 9. Qb1 Bb7 10. b3 Bxg3 11. hxg3 h6 12. Qc2 a6 13. a4 Rc8 14. Rc1 Qd8 15. Qb2 Ne4 16. 0-0 0-0 17. c4 f5 18. Bb1 h5 19. dxc5 Ndxc5 20. Nxe4 fxe4 21. Ne5 Qf6 22. f4 Nd7 23. Qd4 Nxe5 24. fxe5 Qg5 25. Qxb6 Bc6 26. Qc5 Qxg3 27. Rce1 dxc4 28. Qxc4 Rxf1+ 29. Qxf1 Rf8 30. Qe2 Qxe5 31. Qxa6 Qb2 32. Qxc6 Qf2+ 33. Kh2 Qxe1 34. Qxe6+ Kh8 35. Qxe4 Kg8 36. Qh7+ Kf7 37. Qxh5+ Ke6 38. Qg4+ Kd6 39. Qd4+ Ke6 40. Qc4+ Kd6 41. Qa6+ Ke5 42. Qb5+ Kd6 43. Qd3+ Ke6 44. Qg6+ Rf6 45. Qg4+ Kd6 1/2-1/2

[Event "NED-ch U14 Girls"]
[Site "Almelo"]
[Date "2023.05.01"]
[Round "2"]
[White "Westerhof, Fleur"]
[Black "Hagen, Carlijn"]
[Result "1/2-1/2"]
[WhiteElo "1743"]
[BlackElo "1132"]
[PlyCount "43"]
[EventDate "2023.04.30"]
[EventType "swiss"]
[EventRounds "7"]
[EventCountry "NED"]
[SourceTitle "CBM 214 Extra"]
[Source "ChessBase"]
[SourceDate "2023.07.31"]
[SourceVersion "1"]
[SourceVersionDate "2023.07.31"]
[SourceQuality "1"]

1. e4 e5 2. Nf3 Nc6 3. d4 exd4 4. Bc4 Be7 5. Nxd4 Nf6 6. Nc3 0-0 7. 0-0 Re8 8. Re1 Ne5 9. Bf1 Bc5 10. Nb3 Bb6 11. Na4 d6 12. Nxb6 axb6 13. Bg5 h6 14. Bh4 Ng6 15. Bxf6 Qxf6 16. c3 Qg5 17. Nd4 Nf4 18. Kh1 Qg6 19. Qf3 Nh5 20. Qd3 Bd7 21. g3 c5 22. Nf5 1/2-1/2